000 01342cam a2200325 4500
008 090401t1998 xxu||||| |||| 00| 0 eng d
020 _a0854068880
035 _a(Sirsi) u86140
041 _aeng
050 _a346.4104342
_c18
110 _aRoyal Institution of Chartered Surveyors
_94900
245 _aGuidance note for the letting of residential property in the private sector under Housing Act 1998 Part I (England and Wales only) as amended by the Housing Act 1996.
250 _a2nd ed.
260 _aLondon
_bRICS
_c1998
300 _a12p.
_c30cm.
350 _a9.50
490 _aRICS Guidance Note
520 _aSuperseded by third edition "Letting of residential property in the private sector : guidance note" (ISBN 0854069984). Supersedes first edition "Guidance note for the letting of residential property in the private sector" (ISBN 085406771X).
650 _aDEPOSITS
650 _aHOUSING ACT 1988
650 _aHOUSING ACT 1996
650 _aLETTING AGENTS
650 _aPRIVATE SECTOR
650 _aRESIDENTIAL LETTINGS
650 _aRESIDENTIAL PROPERTY
_96266
650 _aPROPERTY-RESIDENTIAL PROPERTY-RESIDENTIAL LANDLORD AND TENANT-RESIDENTIAL TENANCIES
690 _aPROPERTY-RESIDENTIAL PROPERTY-RESIDENTIAL LANDLORD AND TENANT-RESIDENTIAL TENANCIES
942 _n0
948 _c12/05/1998
999 _c97111
_d97111